000 00924nam0a2200277 4500
001 RU\NLR\BIBL_A\022732346
005 20260628200942.0
035 _a(NLR Aleph) 022732346
090 _a13742085
_c13742085
100 _a20260219d1974 u y0rusy50 ca
101 0 _aaze
102 _aAZ
105 _ay z 000 y
181 0 _ai
_baxxe
182 0 _an
200 1 _aШәлалә
_e(ше'рләр)
_fӘли Тудә
203 _aТекст
_bвизуальный
_cнепосредственный
210 _aБакы
_cАзәрнәшр
_d1974
215 _a185,[1] с.
_d17
541 1 _6z01790
_aВодопад
_eстихи
_zrus
686 1 _aШ6(2=Аз) -5
700 1 _aҸавадзадә
_bӘ. Т. Г.
_gӘли Тудә Гулу оғлу
_4070
790 1 _6z01541
_aДжавадзаде
_bА. Т. оглы
_gАли Туде Кули оглы
_4070
942 _cBOOK
980 _aNB